[Event "POL-ChT3"]
[Site "Lazy POL"]
[Date "2012.09.09"]
[Round "9"]
[White "Kukula, Pawel"]
[Black "Rawicz, Karol"]
[Result "1/2-1/2"]
[WhiteElo "2256"]
[BlackElo "2250"]
[EventDate "2012.09.01"]

1.d4 Nf6 2.c4 e6 3.Nc3 Bb4 4.e3 c5 5.a3 Bxc3+ 6.bxc3 d6 7.Bd3 Nc6 8.Ne2 e5
9.f3 O-O 10.O-O Re8 11.Qc2 Qe7 12.dxc5 dxc5 13.e4 Be6 14.Ng3 Rad8 15.Be2 
Na5 16.Qa4 b6 17.Bg5 h6 18.Be3 Qd7 19.Qb5 Qxb5 20.cxb5 Nc4 21.Kf2 Re7 22.
a4 Red7 23.Rfd1 Ne8 24.Rxd7 Rxd7 25.Nf5 Kf8 26.g4 Na5 27.h4 Nd6 28.Nxd6 
Rxd6 29.f4 exf4 30.Bxf4 Rd7 31.g5 hxg5 32.hxg5 Nc4 33.Bxc4 Bxc4 34.a5 Bxb5
35.axb6 axb6 36.Rb1 Bd3 37.Rxb6 Ke7 38.Be5 Bxe4 39.Bxg7 Rd5 40.Bf6+ Kd7 
41.Ra6 1/2-1/2

[Event "POL-ChT3"]
[Site "Lazy POL"]
[Date "2012.09.09"]
[Round "9"]
[White "Muc, Marcin"]
[Black "Pacuszka, Tomasz"]
[Result "1/2-1/2"]
[WhiteElo "2165"]
[BlackElo "2273"]
[EventDate "2012.09.01"]
[PlyCount "64"]

1.d4 e6 2.Nf3 f5 3.c4 Nf6 4.Nc3 d6 5.g3 Be7 6.Bg2 O-O 7.O-O Qe8 8.Qc2 Qh5 
9.e4 fxe4 10.Nxe4 Nc6 11.d5 exd5 12.Nxf6+ Bxf6 13.cxd5 Nb4 14.Qc4 Na6 15.
Re1 b5 16.Qxb5 Rb8 17.Qa5 Nb4 18.Re4 Qxd5 19.Qxd5+ Nxd5 20.Re2 Nb4 21.Be3 
a5 22.Rd2 Bb7 23.a3 Na6 24.Nd4 Bxg2 25.Kxg2 Nc5 26.Rad1 Rfe8 27.Rc2 Bxd4 
28.Bxd4 Ne6 29.Rd3 Rb5 30.Bc3 Ng5 31.Bd2 Ne6 32.Bc3 Ng5 1/2-1/2

[Event "POL-ChT3"]
[Site "Lazy POL"]
[Date "2012.09.09"]
[Round "9"]
[White "Krainski, Slawomir"]
[Black "Fistek, Dariusz"]
[Result "1/2-1/2"]
[WhiteElo "2029"]
[BlackElo "2242"]
[EventDate "2012.09.01"]

1.b3 Nf6 2.Bb2 g6 3.Bxf6 exf6 4.c4 Bg7 5.Nc3 f5 6.g3 O-O 7.Bg2 Nc6 8.Nh3 
d6 9.Nf4 Re8 10.O-O Bd7 11.Rc1 Rb8 12.e3 a6 13.d4 Na5 14.Nd3 c6 15.c5 Be6 
16.Na4 dxc5 17.dxc5 Bf8 18.Nf4 Qxd1 19.Rfxd1 Nxb3 20.axb3 Bxb3 21.Rd4 Red8
22.Nb6 g5 23.Rd3 Be6 24.Rxd8 Rxd8 25.Nxe6 fxe6 26.Bf1 Rd2 27.Bc4 Kf7 28.
Na4 Kf6 29.Kf1 h5 30.Ke1 Rd7 31.Rd1 Rxd1+ 32.Kxd1 e5 33.f3 h4 34.gxh4 gxh4
35.h3 f4 36.e4 Ke7 37.Kc2 Kd8 38.Kc3 a5 39.Be6 Kc7 40.Kc4 Be7 41.Nb6 Bf6 
1/2-1/2

[Event "POL-ChT3"]
[Site "Lazy POL"]
[Date "2012.09.09"]
[Round "9"]
[White "Lusio, Daniel"]
[Black "Knoff, Mariusz"]
[Result "1/2-1/2"]
[WhiteElo "1861"]
[BlackElo "2088"]
[EventDate "2012.09.01"]
[PlyCount "76"]

1.e4 e6 2.d4 d5 3.exd5 exd5 4.Nf3 Bd6 5.Bd3 Nc6 6.O-O Nge7 7.h3 Nb4 8.Bb5+
Bd7 9.Bxd7+ Qxd7 10.c3 Nbc6 11.Nbd2 O-O 12.Nb3 b6 13.Bd2 Rfe8 14.Re1 Ng6 
15.Qc2 h6 16.Rad1 Rxe1+ 17.Rxe1 Re8 18.Nc1 Rxe1+ 19.Nxe1 Qe6 20.Ned3 Nce7 
21.Qd1 a5 22.Qe2 Qxe2 23.Nxe2 f6 24.f4 Kf7 25.Kf2 Nf8 26.g4 g6 27.b4 Nc8 
28.h4 a4 29.h5 g5 30.Ng3 Ne7 31.Kf3 b5 32.Nf1 Nd7 33.Ne3 Ke6 34.Be1 Nb6 
35.Bg3 Nc4 36.Nc5+ Bxc5 37.dxc5 Nxe3 38.Kxe3 d4+ 1/2-1/2

[Event "POL-ChT3"]
[Site "Lazy POL"]
[Date "2012.09.09"]
[Round "9"]
[White "Sciborowski, Miroslaw"]
[Black "Wozny, Tomasz"]
[Result "1/2-1/2"]
[WhiteElo "2063"]
[BlackElo "1783"]
[EventDate "2012.09.01"]
[PlyCount "48"]

1.d4 d5 2.Nf3 Nf6 3.g3 Bf5 4.Bg2 e6 5.O-O c6 6.c4 Be7 7.Nc3 O-O 8.Qb3 Qb6 
9.c5 Qxb3 10.axb3 Nbd7 11.b4 a6 12.Nd2 Bc2 13.Ra3 Rfe8 14.Nb3 Bxb3 15.Rxb3
e5 16.dxe5 Nxe5 17.Rd1 Rad8 18.Be3 Ned7 19.Bd4 Nf8 20.Nb1 Ne6 21.e3 Nc7 
22.Nc3 Ne6 23.Nb1 Nc7 24.Nc3 Ne6 1/2-1/2

[Event "POL-ChT3"]
[Site "Lazy POL"]
[Date "2012.09.09"]
[Round "9"]
[White "Sygulska, Anna"]
[Black "Filipek, Halina"]
[Result "1/2-1/2"]
[WhiteElo "1898"]
[BlackElo "1760"]
[EventDate "2012.09.01"]

1.d4 d5 2.c4 e6 3.Nc3 Nf6 4.cxd5 exd5 5.Bg5 Be7 6.e3 c6 7.Bd3 O-O 8.Qc2 h6
9.Bh4 Re8 10.Nge2 Nbd7 11.O-O Nh5 12.Bxe7 Qxe7 13.Rac1 Qh4 14.Bf5 Nf8 15.
b4 Be6 16.Na4 Nd7 17.Qd3 a6 18.Nc5 Nxc5 19.bxc5 Qg5 20.Bxe6 fxe6 21.Rb1 
Re7 22.Rb2 e5 23.Qb1 Rb8 24.Qc2 e4 25.Ng3 Nxg3 26.hxg3 Rf8 27.Rfb1 Rff7 
28.Rb3 Qg4 29.R1b2 Qf5 30.Qb1 Qc8 31.Rb6 Qa8 32.a4 Rd7 33.a5 Rde7 34.Qe1 
Qc8 35.Qb1 Qa8 36.R2b3 Rd7 37.R3b4 Rde7 38.Rb2 Rd7 39.Qc2 Rde7 40.Qb1 Rc7 
1/2-1/2

[Event "POL-ChT3"]
[Site "Lazy POL"]
[Date "2012.09.09"]
[Round "9"]
[White "Janczarski, Michal"]
[Black "Staroszczyk, Mateusz"]
[Result "1-0"]
[WhiteElo "2306"]
[BlackElo "2024"]
[EventDate "2012.09.01"]
[PlyCount "87"]

1.d4 f5 2.c4 Nf6 3.Nf3 e6 4.g3 d5 5.Bg2 c6 6.O-O Bd6 7.b3 Qe7 8.Bb2 O-O 9.
Qc1 b6 10.Ba3 Ne4 11.Bxd6 Qxd6 12.Nc3 Nd7 13.Qc2 Ba6 14.Rac1 Rac8 15.Rfd1 
Rf6 16.Qb2 Rh6 17.e3 Qe7 18.Bf1 Bb7 19.b4 Nxc3 20.Rxc3 dxc4 21.Rxc4 c5 22.
Ne5 Qd6 23.f4 Nxe5 24.fxe5 Qd5 25.Qg2 g5 26.Qxd5 Bxd5 27.Rc3 f4 28.exf4 
gxf4 29.dxc5 bxc5 30.Rxc5 Rxc5 31.bxc5 fxg3 32.hxg3 Rh1+ 33.Kf2 Rh2+ 34.
Ke3 Rxa2 35.Rc1 Bc6 36.Bc4 Ra3+ 37.Kd4 Kf7 38.Rf1+ Ke7 39.Rf6 Bd7 40.c6 
Bxc6 41.Rxe6+ Kd7 42.Rh6 Rxg3 43.Rxh7+ Kd8 44.Kc5 1-0

[Event "POL-ChT3"]
[Site "Lazy POL"]
[Date "2012.09.09"]
[Round "9"]
[White "Krasiewicz, Robert"]
[Black "Chomczyk, Marek"]
[Result "1/2-1/2"]
[WhiteElo "2033"]
[BlackElo "1876"]
[EventDate "2012.09.01"]

1.f4 e5 2.fxe5 d6 3.exd6 Bxd6 4.g3 g5 5.d3 g4 6.e4 h5 7.Bg2 Nc6 8.Ne2 f5 
9.Nbc3 Nge7 10.Bg5 Be6 11.Nd5 Bxd5 12.exd5 Ne5 13.Nd4 Qd7 14.Qe2 Nf7 15.
Bxe7 Bxe7 16.Qe6 Qxe6+ 17.Nxe6 Kd7 18.Rf1 Nd6 19.c4 b6 20.O-O-O a5 21.b3 
h4 22.Rd2 hxg3 23.hxg3 Rh2 24.d4 Rah8 25.Rff2 Ne4 26.Bxe4 Rxf2 27.Rxf2 
fxe4 28.Kd2 Rh1 29.Ke3 Rg1 30.Kxe4 Rxg3 31.c5 Rg1 32.Rf7 Re1+ 33.Kd3 bxc5 
34.dxc5 c6 35.Nf4 Ke8 36.Rg7 cxd5 37.Nxd5 Bxc5 38.Rxg4 Kd7 39.Kc4 Kc6 40.
Rg6+ Bd6 41.Nc3 Re5 42.a4 Kd7 43.Kd4 Re1 44.Ne4 Bb4 45.Nf6+ Kc8 46.Kc4 Kb7
47.Rg5 Kc6 48.Ng4 Rc1+ 49.Kd4 Rd1+ 50.Ke4 Re1+ 51.Kd3 Rc1 52.Ne5+ Kb7 53.
Nc4 Rc3+ 54.Kd4 Rxb3 55.Rb5+ Ka6 56.Nxa5 Bc3+ 57.Kc4 Rxb5 58.axb5+ Kxa5 
59.Kxc3 Kxb5 1/2-1/2

[Event "POL-ChT3"]
[Site "Lazy POL"]
[Date "2012.09.09"]
[Round "9"]
[White "Powalka, Michal"]
[Black "Maciaga, Marcin"]
[Result "0-1"]
[WhiteElo "1767"]
[BlackElo "2197"]
[EventDate "2012.09.01"]

1.e4 c5 2.Nf3 d6 3.d4 cxd4 4.Nxd4 Nf6 5.Nc3 a6 6.Bg5 Nbd7 7.f4 Qc7 8.Qf3 
h6 9.Bxf6 Nxf6 10.f5 Qc5 11.O-O-O g5 12.Nb3 Qe5 13.Bd3 Bg7 14.h4 g4 15.Qe2
b5 16.a3 Bd7 17.Rhe1 O-O 18.Qf2 a5 19.Qd4 Qf4+ 20.Qe3 Qxe3+ 21.Rxe3 b4 22.
axb4 axb4 23.Nd5 Nxd5 24.exd5 Be5 25.Re4 Bxf5 26.Rxb4 Bxd3 27.Rxd3 f5 28.
Nd4 Ra1+ 29.Kd2 Rg1 30.g3 Bxg3 31.Ne6 Be1+ 0-1

[Event "POL-ChT3"]
[Site "Lazy POL"]
[Date "2012.09.09"]
[Round "9"]
[White "Sliwinski, Marcin"]
[Black "Kowalec, Maciej"]
[Result "0-1"]
[WhiteElo "2108"]
[BlackElo "1697"]
[EventDate "2012.09.01"]
[PlyCount "70"]

1.e4 e6 2.d4 d5 3.Nd2 dxe4 4.Nxe4 Bd7 5.Nf3 Bc6 6.Ng3 Nd7 7.Be2 Ngf6 8.O-O
Be7 9.b3 O-O 10.Bb2 Bxf3 11.Bxf3 c6 12.c4 Nb6 13.Qc2 Qc7 14.Rad1 Rfd8 15.
Kh1 a5 16.a3 Rac8 17.Be2 c5 18.dxc5 Qxc5 19.Bd3 h6 20.f4 Nfd5 21.Nh5 Ne3 
22.Bh7+ Kf8 23.Bxg7+ Ke8 24.Qe2 Nxd1 25.f5 Qe3 26.Qxe3 Nxe3 27.Re1 Rd1 28.
Rxd1 Nxd1 29.fxe6 fxe6 30.g3 Ne3 31.Bg6+ Kd7 32.Bxh6 Nf5 33.Bf4 Rf8 34.Kg2
Nh4+ 35.gxh4 Rg8 0-1

[Event "POL-ChT3"]
[Site "Lazy POL"]
[Date "2012.09.09"]
[Round "9"]
[White "Kowalski, Igor"]
[Black "Moskwinski, Tadeusz"]
[Result "1/2-1/2"]
[WhiteElo "1770"]
[BlackElo "2078"]
[EventDate "2012.09.01"]

1.e4 c5 2.Nf3 Nc6 3.d4 cxd4 4.Nxd4 Nf6 5.Nc3 e5 6.Ndb5 d6 7.Bg5 a6 8.Na3 
b5 9.Nd5 Be7 10.Bxf6 Bxf6 11.c3 O-O 12.Be2 Bg5 13.O-O Rb8 14.Nc2 a5 15.
Nce3 Bxe3 16.Nxe3 Be6 17.Qd2 Qc7 18.Rfd1 Rfd8 19.b3 Qb6 20.Rac1 Rbc8 21.c4
b4 22.Bg4 a4 23.Rb1 axb3 24.axb3 Ra8 25.Ra1 Nd4 26.Qb2 Bxg4 27.Nxg4 Qb7 
28.Ne3 Qxe4 29.Nd5 h5 30.f3 Qh4 31.Rxa8 Rxa8 32.Nxb4 Rb8 33.Qd2 Rb6 34.Rb1
Qd8 35.Nd5 Rxb3 36.Rxb3 Nxb3 37.Qb4 Nc5 38.g3 h4 39.Kg2 hxg3 40.hxg3 Qa8 
41.Qb6 Qa2+ 42.Kg1 Qxc4 43.Qxd6 Qd4+ 44.Kg2 Ne6 45.Ne7+ Kh7 46.Qxd4 Nxd4 
47.Kf2 g6 48.Nd5 f5 49.Ke3 Nc6 50.g4 Kg7 51.gxf5 gxf5 52.f4 e4 53.Nc3 Kf6 
54.Nxe4+ 1/2-1/2

[Event "POL-ChT3"]
[Site "Lazy POL"]
[Date "2012.09.09"]
[Round "9"]
[White "Andrzejewska, Anna"]
[Black "Gluszko, Monika"]
[Result "1-0"]
[WhiteElo "1990"]
[BlackElo "1990"]
[EventDate "2012.09.01"]

1.e4 c5 2.Nf3 d6 3.d4 cxd4 4.Nxd4 Nf6 5.Nc3 a6 6.Bg5 e6 7.f3 h6 8.Be3 b5 
9.Qd2 Nbd7 10.O-O-O Bb7 11.Kb1 b4 12.Nce2 e5 13.Nf5 d5 14.exd5 Bxd5 15.Nc1
a5 16.f4 e4 17.g4 Be6 18.Bb5 Nxg4 19.Nd4 Nf6 20.Nxe6 fxe6 21.Bd4 Kf7 22.
Bxf6 1-0

[Event "POL-ChT3"]
[Site "Lazy POL"]
[Date "2012.09.09"]
[Round "9"]
[White "Bielinski, Dariusz"]
[Black "Steczek, Marcin"]
[Result "1/2-1/2"]
[WhiteElo "2215"]
[BlackElo "2409"]
[EventDate "2012.09.01"]

1.e4 Nf6 2.d3 d5 3.Nd2 c5 4.Ngf3 Nc6 5.g3 g6 6.Bg2 Bg7 7.O-O O-O 8.Re1 
dxe4 9.dxe4 h6 10.c3 Nd7 11.Qc2 Nde5 12.Nxe5 Nxe5 13.Bf1 Nc6 14.a4 Be6 15.
Nc4 Qc8 16.Be3 b6 17.Be2 Rd8 18.Rad1 Qc7 19.Bf4 Qb7 20.h4 Rxd1 21.Rxd1 Rd8
22.Rxd8+ Nxd8 23.Ne3 Nc6 24.Nc4 Qd7 25.Kg2 Bh3+ 26.Kh2 Be6 27.Kg2 Bh3+ 28.
Kh2 Be6 29.Kg2 h5 30.Qd3 Bh3+ 31.Kg1 Kf8 32.Qc2 Be6 33.Kg2 Bh3+ 34.Kg1 Bg4
35.Bxg4 Qxg4 36.Qd3 Ke8 37.a5 b5 38.Na3 a6 39.Qd5 Qe6 40.Qxc5 Nxa5 41.Qa7 
Nc4 42.Qa8+ Kd7 43.Qb7+ Ke8 1/2-1/2

[Event "POL-ChT3"]
[Site "Lazy POL"]
[Date "2012.09.09"]
[Round "9"]
[White "Meczynski, Waldemar"]
[Black "Sroka, Janusz"]
[Result "1-0"]
[WhiteElo "2153"]
[BlackElo "2109"]
[EventDate "2012.09.01"]
[PlyCount "53"]

1.e4 e5 2.Nf3 d6 3.d4 Nd7 4.Nc3 Ngf6 5.Bc4 Be7 6.Rg1 O-O 7.g4 Nb6 8.Be2 
Nfd7 9.Be3 c6 10.Qd2 Qc7 11.O-O-O Re8 12.g5 Bf8 13.h4 a6 14.h5 g6 15.hxg6 
hxg6 16.Rh1 Bg7 17.Rh4 Nf8 18.Rdh1 Nbd7 19.Nh2 Nb8 20.Ng4 Bxg4 21.Bxg4 b5 
22.f4 b4 23.Qh2 f6 24.gxf6 Bxf6 25.Rh8+ Kf7 26.fxe5 dxe5 27.Rh7+ 1-0

[Event "POL-ChT3"]
[Site "Lazy POL"]
[Date "2012.09.09"]
[Round "9"]
[White "Kielbratowski, Aleksander"]
[Black "Walaszczyk, Witold"]
[Result "0-1"]
[WhiteElo "2096"]
[BlackElo "2210"]
[EventDate "2012.09.01"]
[PlyCount "40"]

1.e4 g6 2.d4 Bg7 3.c3 a6 4.f4 b5 5.Nf3 Bb7 6.Bd3 d6 7.Qe2 Nd7 8.e5 e6 9.d5
dxe5 10.fxe5 exd5 11.Ng5 Bxe5 12.O-O f6 13.Nxh7 Qe7 14.Bxg6+ Kd8 15.Qd3 
Qc5+ 16.Be3 Qc4 17.Qf5 Ne7 18.Qh5 Nxg6 19.Qxg6 Qh4 20.h3 Qxh7 0-1

[Event "POL-ChT3"]
[Site "Lazy POL"]
[Date "2012.09.09"]
[Round "9"]
[White "Swiatnicki, Andrzej"]
[Black "Szylko, Waldemar"]
[Result "1/2-1/2"]
[WhiteElo "2127"]
[BlackElo "2023"]
[EventDate "2012.09.01"]

1.e4 c6 2.d4 d5 3.f3 e6 4.Nc3 Bb4 5.e5 c5 6.a3 Ba5 7.Be3 cxd4 8.Bxd4 Nc6 
9.Bb5 Ne7 10.f4 O-O 11.Nf3 Nf5 12.Bxc6 bxc6 13.Bc5 Re8 14.g4 Nh4 15.Kf2 
Ng6 16.Qd4 f6 17.h4 Bb6 18.Kg3 fxe5 19.fxe5 Ba6 20.h5 Nf8 21.Rh2 Nd7 22.
Bxb6 axb6 23.Rd1 Qe7 24.Qe3 c5 25.Ne2 Bxe2 26.Rxe2 Rf8 27.Rf1 Ra4 28.Qd3 
Raf4 29.Ref2 c4 30.Qc3 Nc5 31.Nd2 Rxf2 32.Rxf2 Rxf2 33.Kxf2 Qg5 34.Qd4 
Qh4+ 35.Kg2 Qe1 36.Qf4 Qe2+ 37.Kh3 h6 38.Qd4 Qd1 39.Qc3 Qh1+ 40.Kg3 Qg1+ 
41.Kh3 Qh1+ 42.Kg3 1/2-1/2

[Event "POL-ChT3"]
[Site "Lazy POL"]
[Date "2012.09.09"]
[Round "9"]
[White "Kielek, Andrzej"]
[Black "Smagalski, Slawomir"]
[Result "1-0"]
[WhiteElo "1972"]
[BlackElo "2028"]
[EventDate "2012.09.01"]

1.e4 e5 2.Nf3 Nc6 3.Bb5 a6 4.Ba4 Nf6 5.O-O Be7 6.Re1 b5 7.Bb3 O-O 8.a4 b4 
9.c3 d6 10.h3 Rb8 11.d4 Re8 12.Ng5 Rf8 13.Nf3 Re8 14.Ng5 Rf8 15.f4 bxc3 
16.bxc3 Nd7 17.Nf3 Bf6 18.Be3 Na5 19.Ba2 g6 20.Nbd2 c6 21.Rb1 Qc7 22.Qc2 
Bb7 23.Nf1 Bg7 24.Ng3 c5 25.dxe5 dxe5 26.f5 c4 27.Nd2 Ba8 28.Kh1 Rfc8 29.
Rxb8 Rxb8 30.Rb1 Rxb1+ 31.Qxb1 Bc6 32.Nxc4 Bxa4 33.Nxa5 Qxa5 34.Qb2 Bb5 
35.fxg6 hxg6 36.Qf2 Nf6 37.Bg5 Be8 38.Bxf6 Bxf6 39.Qxf6 Qxa2 40.Qxe5 Qa4 
41.h4 Bd7 42.Qg5 Qb5 43.e5 Qd3 44.h5 Kh7 45.Kh2 Be6 46.Qh4 a5 47.hxg6+ 
Kxg6 48.Qf6+ Kh7 49.Nh5 Qg6 50.Qh4 Qf5 51.Ng3+ 1-0

[Event "POL-ChT3"]
[Site "Lazy POL"]
[Date "2012.09.09"]
[Round "9"]
[White "Swiatnicka, Malgorzata"]
[Black "Dziopa, Malgorzata"]
[Result "1-0"]
[WhiteElo "1819"]
[BlackElo "1792"]
[EventDate "2012.09.01"]
[PlyCount "75"]

1.e4 e5 2.d4 exd4 3.Nf3 Nc6 4.Nxd4 Bc5 5.Be3 Qf6 6.c3 Nge7 7.Bc4 Ne5 8.Be2
d5 9.Nd2 Qg6 10.Qc2 O-O 11.O-O-O Ng4 12.Bxg4 Bxg4 13.f3 Bd7 14.Nf5 Bxf5 
15.Bxc5 dxe4 16.fxe4 Bg4 17.Bxe7 Rfe8 18.Bh4 Bxd1 19.Rxd1 Qxg2 20.Bg3 c6 
21.e5 Rad8 22.Nc4 Qf3 23.Rxd8 Rxd8 24.Nd6 Rd7 25.Qf5 Qxf5 26.Nxf5 Rd3 27.
Kc2 Rf3 28.Nd6 b5 29.Nc8 g5 30.Kd2 h5 31.Ke2 g4 32.Nxa7 f5 33.Nxc6 f4 34.
Bf2 Rh3 35.Bg1 g3 36.hxg3 fxg3 37.Kf3 h4 38.Kg2 1-0

[Event "POL-ChT3"]
[Site "Lazy POL"]
[Date "2012.09.09"]
[Round "9"]
[White "Joachimiak, Roman"]
[Black "Dors, Ryszard"]
[Result "0-1"]
[WhiteElo "2055"]
[BlackElo "2220"]
[EventDate "2012.09.01"]
[PlyCount "76"]

1.e4 c6 2.d4 d5 3.Nd2 dxe4 4.Nxe4 Bf5 5.Ng5 e6 6.h4 h6 7.N5f3 Nd7 8.Bd3 
Ngf6 9.c3 Bxd3 10.Qxd3 Qc7 11.Bd2 Bd6 12.O-O-O O-O-O 13.Nh3 c5 14.Qc2 c4 
15.Kb1 b5 16.Rhe1 Kb7 17.Bc1 Nd5 18.Nd2 Rb8 19.g3 Rhc8 20.Ne4 Bf8 21.Nf4 
N7b6 22.Ka1 a5 23.Bd2 b4 24.Bc1 Qc6 25.Re2 Ka8 26.g4 Rb7 27.g5 hxg5 28.
hxg5 Rcb8 29.g6 Na4 30.Nxd5 exd5 31.Nd2 bxc3 32.bxc3 Qxg6 33.Qxg6 fxg6 34.
Re3 Bd6 35.Rg1 Bf4 36.Rf3 g5 37.Re1 Rf7 38.Rxf4 gxf4 0-1

[Event "POL-ChT3"]
[Site "Lazy POL"]
[Date "2012.09.09"]
[Round "9"]
[White "Gmaj, Krzysztof"]
[Black "Markowski, Piotr"]
[Result "0-1"]
[WhiteElo "2152"]
[BlackElo "2174"]
[EventDate "2012.09.01"]

1.e4 c5 2.Nf3 Nc6 3.Bb5 e6 4.O-O Nge7 5.d4 cxd4 6.Nxd4 a6 7.Be2 Nxd4 8.
Qxd4 Nc6 9.Qc3 Qf6 10.Qxf6 gxf6 11.c4 Bc5 12.Nc3 b6 13.b3 Bb7 14.Bb2 Nd4 
15.Bd3 Bc6 16.Rfd1 Rg8 17.Kf1 Rg4 18.Rd2 Ke7 19.f3 Rh4 20.g3 Rh5 21.Kg2 
Rg8 22.Re1 Rxh2+ 23.Kxh2 Nxf3+ 24.Kh3 Nxe1 25.Be2 Bd6 26.g4 Rg6 27.g5 Rxg5
28.Bd1 Rg3+ 29.Kh4 Ng2+ 30.Kh5 Ne3 31.Kh6 Nxc4 32.Rxd6 Nxd6 0-1

[Event "POL-ChT3"]
[Site "Lazy POL"]
[Date "2012.09.09"]
[Round "9"]
[White "Morkisz, Bogdan"]
[Black "Skrzypczak, Michal"]
[Result "1-0"]
[WhiteElo "2119"]
[BlackElo "1990"]
[EventDate "2012.09.01"]
[PlyCount "45"]

1.e4 c5 2.Nc3 Nc6 3.g3 g6 4.Bg2 Bg7 5.d3 d6 6.Be3 Nf6 7.h3 a6 8.Qd2 h5 9.
Nge2 Bd7 10.O-O Qc8 11.Kh2 h4 12.g4 Bxg4 13.hxg4 h3 14.Bf3 Ne5 15.Ng1 
Nxf3+ 16.Nxf3 Qxg4 17.Ne1 Nh5 18.Qe2 Be5+ 19.Kh1 Qh4 20.Nf3 Qg4 21.Rg1 Qe6
22.Nd5 O-O-O 23.Ng5 1-0

[Event "POL-ChT3"]
[Site "Lazy POL"]
[Date "2012.09.09"]
[Round "9"]
[White "Kaczmarek, Piotr"]
[Black "Jelonek, Michal"]
[Result "1/2-1/2"]
[WhiteElo "1839"]
[BlackElo "2015"]
[EventDate "2012.09.01"]

1.e4 c5 2.Nf3 g6 3.d4 cxd4 4.Qxd4 Nf6 5.e5 Nc6 6.Qa4 Nd5 7.Qe4 Nc7 8.Nc3 
Bg7 9.Bc4 b5 10.Bb3 Rb8 11.O-O O-O 12.Re1 Na5 13.Qh4 Nxb3 14.axb3 a6 15.
Bh6 Ne6 16.Ne4 f6 17.Bxg7 Kxg7 18.exf6+ exf6 19.Qg3 Bb7 20.Nd6 Bxf3 21.
gxf3 Rb6 22.Rad1 Kg8 23.Nf5 Kh8 24.Nd6 Qe7 25.c3 Qg7 26.b4 Ra8 27.Ra1 Kg8 
28.Red1 f5 29.f4 Qf8 30.Qf3 Rab8 31.Qd5 Qe7 32.Rd3 Rc6 33.Rad1 Rbb6 34.Qe5
Qg7 35.Ne8 Qxe5 36.fxe5 Kf7 37.Nd6+ Ke7 38.b3 Nf4 39.Re3 Rxc3 40.Rxc3 Ne2+
41.Kg2 Nxc3 42.Rd3 Rc6 43.Nb7 Ne4 44.f3 Rc2+ 45.Kg1 Rc1+ 46.Kg2 Rc2+ 47.
Kg1 Rc3 48.Rxc3 Nxc3 49.Nc5 d6 50.exd6+ Kxd6 51.Kf2 Nd5 52.Nd3 Ne7 53.Nc5 
Nd5 54.Nd3 Ne7 55.Nc5 Nd5 56.Nd3 Ke7 57.Kg3 Kf6 58.h4 h6 59.f4 g5 60.hxg5+
hxg5 61.fxg5+ Kxg5 62.Kf3 Kg6 63.Ne5+ Kf6 64.Nc6 Kg5 65.Ke2 f4 66.Kf3 Kf5 
67.Nd4+ Ke5 68.Nc6+ Kd6 69.Nd4 Nxb4 70.Kxf4 Kc5 71.Ke4 Nc6 72.Nc2 a5 73.
Ke3 Nb4 74.Nd4 a4 75.Nxb5 Nc2+ 76.Kd3 axb3 77.Kc3 Kxb5 78.Kxb3 1/2-1/2

[Event "POL-ChT3"]
[Site "Lazy POL"]
[Date "2012.09.09"]
[Round "9"]
[White "Stec, Ewa"]
[Black "Kozlowska, Marzena"]
[Result "1/2-1/2"]
[WhiteElo "1988"]
[BlackElo "1913"]
[EventDate "2012.09.01"]
[PlyCount "57"]

1.e4 d5 2.exd5 Qxd5 3.Nc3 Qd6 4.Bc4 Nf6 5.d3 a6 6.a3 b5 7.Bb3 Bb7 8.Nf3 e6
9.O-O Be7 10.h3 c5 11.Be3 O-O 12.Qe2 Nbd7 13.Rad1 Bd8 14.Ne4 Qc6 15.Nxf6+ 
Bxf6 16.c3 Ne5 17.Ne1 Ng6 18.Nf3 Bd8 19.Ne1 Bc7 20.f4 Nh4 21.Qf2 Nf5 22.
Bxc5 Bxf4 23.Qxf4 Qxc5+ 24.d4 Qc6 25.Rf2 Ne7 26.Qh4 Nf5 27.Qf4 Ne7 28.Qh4 
Nf5 29.Qf4 1/2-1/2

[Event "POL-ChT3"]
[Site "Lazy POL"]
[Date "2012.09.09"]
[Round "9"]
[White "Brzezinski, Mateusz"]
[Black "Matuszewski, Michal"]
[Result "1/2-1/2"]
[WhiteElo "2108"]
[BlackElo "2368"]
[EventDate "2012.09.01"]

1.c4 b6 2.Nc3 Bb7 3.Nf3 e6 4.g3 Nf6 5.Bg2 c5 6.O-O Be7 7.d4 cxd4 8.Nxd4 
Bxg2 9.Kxg2 Qc8 10.Qd3 Nc6 11.b3 O-O 12.Nxc6 Qxc6+ 13.Qf3 Rac8 14.Qxc6 
dxc6 15.Bb2 Rfd8 16.Rfd1 a6 17.Kf3 Kf8 18.Rxd8+ Rxd8 19.Rd1 Nd7 20.e3 f5 
21.e4 Kf7 22.exf5 exf5 23.Ke2 g5 24.f3 h5 25.h3 Ke6 26.Rd3 Bd6 27.g4 Ne5 
28.Rd1 Ng6 29.Bc1 hxg4 30.hxg4 fxg4 31.fxg4 Rh8 32.Bxg5 Rh2+ 33.Ke3 Rh3+ 
34.Kd2 Ne5 35.Kc2 Bb4 36.Nb1 Nxg4 37.Bd2 Rh2 38.Re1+ Ne5 39.Nc3 Kd6 40.Re2
Rxe2 41.Nxe2 1/2-1/2

[Event "POL-ChT3"]
[Site "Lazy POL"]
[Date "2012.09.09"]
[Round "9"]
[White "Mazalon, Mariusz"]
[Black "Matuszczyk, Przemyslaw"]
[Result "1/2-1/2"]
[WhiteElo "2000"]
[BlackElo "2067"]
[EventDate "2012.09.01"]

1.d4 Nf6 2.Nf3 d6 3.c4 g6 4.Nc3 Nbd7 5.e4 e5 6.d5 Bg7 7.h3 O-O 8.Be3 Nc5 
9.Nd2 a5 10.a3 b6 11.b4 Ncd7 12.Be2 Ne8 13.O-O f5 14.f3 f4 15.Bf2 g5 16.
Nb3 Qf6 17.bxa5 bxa5 18.a4 Qg6 19.Nb5 Ndf6 20.Be1 h5 21.Bd3 g4 22.hxg4 
hxg4 23.Kf2 Qh5 24.Ke2 Qh2 25.Kd2 gxf3 26.Qxf3 Bg4 27.Qf2 Qh7 28.Nc3 Qg6 
29.Kc2 Nh7 30.Nd2 Nef6 31.Rb1 Bd7 32.Be2 Ng5 33.Bf3 Ng4 34.Bxg4 Bxg4 35.
Qg1 Bd7 36.Bh4 Bxa4+ 37.Kd3 Bd7 38.Rb7 Rfc8 39.Ra1 Nf7 40.Nb5 Rcb8 1/2-1/2

[Event "POL-ChT3"]
[Site "Lazy POL"]
[Date "2012.09.09"]
[Round "9"]
[White "Wolynski, Krzysztof"]
[Black "Wisniewski, Adam"]
[Result "1/2-1/2"]
[WhiteElo "2056"]
[BlackElo "1956"]
[EventDate "2012.09.01"]

1.e4 e6 2.d4 d5 3.Nd2 Nf6 4.e5 Nfd7 5.Bd3 c5 6.c3 Nc6 7.Ne2 cxd4 8.cxd4 f6
9.exf6 Nxf6 10.Nf3 Bd6 11.O-O Qc7 12.Nc3 a6 13.Bg5 O-O 14.Rc1 Bd7 15.Bh4 
Bf4 16.Bg3 Rae8 17.Bb1 g6 18.Re1 Nh5 19.Bxf4 Qxf4 20.Ne2 Qf6 21.Qd2 Rc8 
22.Rc3 Ng7 23.Ng3 Qf4 24.Qe3 Qxe3 25.fxe3 Ne8 26.Rec1 Nd6 27.Ne2 Kg7 28.b3
Nb5 29.Rc5 b6 30.R5c2 Na3 31.Rb2 Nb4 32.Rd1 Bb5 33.Ne5 Nbc2 34.Bxc2 Nxc2 
35.Nc1 Nxe3 36.Re1 Nc2 37.Rd1 Rf4 38.Nf3 Nxd4 39.Nxd4 Rxd4 40.Rxd4 Rxc1+ 
41.Kf2 1/2-1/2

[Event "POL-ChT3"]
[Site "Lazy POL"]
[Date "2012.09.09"]
[Round "9"]
[White "Marchlewicz, Damian"]
[Black "Cichy, Kamil"]
[Result "1-0"]
[WhiteElo "1936"]
[BlackElo "1992"]
[EventDate "2012.09.01"]

1.d4 Nf6 2.Nf3 c5 3.c3 e6 4.Bf4 d5 5.e3 Be7 6.Nbd2 Nbd7 7.Bd3 O-O 8.O-O b6
9.Bg3 Nh5 10.e4 f5 11.exf5 exf5 12.Be5 Bb7 13.Re1 Nxe5 14.Nxe5 g6 15.g3 f4
16.Bxg6 Ng7 17.Bd3 c4 18.Bc2 Qd6 19.Ndf3 Rae8 20.Ba4 Rd8 21.Qd2 a6 22.b4 
b5 23.Bc2 Bc8 24.a4 Ne6 25.axb5 axb5 26.Ra7 Nc7 27.Nc6 Rde8 28.Nxe7+ Rxe7 
29.Rxe7 Qxe7 30.Qe1 Qxe1+ 31.Nxe1 fxg3 32.hxg3 Rf7 33.f4 Ba6 34.Nf3 Kf8 
35.Ng5 Re7 36.Rxc7 1-0

[Event "POL-ChT3"]
[Site "Lazy POL"]
[Date "2012.09.09"]
[Round "9"]
[White "Krupa, Anna"]
[Black "Paprocka, Renata"]
[Result "0-1"]
[WhiteElo "1888"]
[BlackElo "1985"]
[EventDate "2012.09.01"]
[PlyCount "59"]

1.d4 d5 2.Bg5 Nf6 3.Nd2 e6 4.c3 Be7 5.Ngf3 Nbd7 6.e3 O-O 7.Bd3 c5 8.O-O c4
9.Bc2 b5 10.e4 dxe4 11.Nxe4 Bb7 12.Nxf6+ Nxf6 13.Ne5 Qc7 14.Qe2 a5 15.Rac1
Rac8 16.Bb1 Bd5 17.f3 Rfd8 18.Qc2 g6 19.Qf2 Nh5 20.Bh6 Ng7 21.Bf4 Nh5 22.
Bh6 Ng7 23.Bf4 Qa7 24.Ng4 Nf5 25.Be5 Ng7 26.Qd2 Ne8 27.h4 f6 28.Qf4 fxe5 
29.Nh6+ Kg7 30.Qf7+ 0-1

[Event "POL-ChT3"]
[Site "Lazy POL"]
[Date "2012.09.09"]
[Round "9"]
[White "Plonczak, Dominik"]
[Black "Paprocki, Jaroslaw"]
[Result "1-0"]
[WhiteElo "2169"]
[BlackElo "2224"]
[EventDate "2012.09.01"]

1.Nf3 e6 2.c4 Nf6 3.g3 d5 4.Bg2 Bd6 5.O-O O-O 6.d4 c6 7.Qc2 Nbd7 8.Rd1 b6 
9.Nc3 Bb7 10.Bg5 Qc7 11.cxd5 cxd5 12.Qb3 a6 13.Rac1 Qc4 14.Qxc4 dxc4 15.
Nd2 Bxg2 16.Nxc4 Bxg3 17.hxg3 Bd5 18.Nxd5 exd5 19.Nd6 h6 20.Bxf6 Nxf6 21.
Rc6 Rab8 22.Rdc1 Rfd8 23.Nc8 Re8 24.e3 Nd7 25.Rc7 Nf6 26.Nd6 Re6 27.Rc8+ 
Rxc8 28.Rxc8+ Kh7 29.Nxf7 Ng4 30.Rc2 Rf6 31.Ne5 h5 32.b4 Nxe5 33.dxe5 Re6 
34.f4 Kg6 35.Rd2 Rc6 36.Rxd5 Rc1+ 37.Kf2 Kf5 38.Rd6 Ke4 39.Rd4+ Kf5 40.e4+
Kg4 41.e6 Rc6 42.f5 Rc2+ 43.Ke3 Rc8 44.Rd7 Rg8 45.Kf2 Kg5 46.Kf3 g6 47.Rf7
1-0

[Event "POL-ChT3"]
[Site "Lazy POL"]
[Date "2012.09.09"]
[Round "9"]
[White "Lewandowski, Krzysztof"]
[Black "Bartkowiak, Damian"]
[Result "0-1"]
[WhiteElo "2136"]
[BlackElo "2134"]
[EventDate "2012.09.01"]

1.d4 d5 2.c4 e6 3.Nf3 c6 4.Nbd2 f5 5.g3 Nf6 6.Bg2 Bd6 7.Ne5 O-O 8.O-O b6 
9.Qc2 Bb7 10.b3 a5 11.Bb2 Na6 12.Rac1 Ne4 13.Ndf3 Rc8 14.Nd3 Qe7 15.Nfe5 
Nb4 16.Nxb4 axb4 17.f3 Bxe5 18.dxe5 Qc5+ 19.e3 Qxe3+ 20.Kh1 Nc5 21.Rcd1 
dxc4 22.bxc4 Rfd8 23.Rfe1 b3 24.axb3 Qxb3 25.Qxb3 Nxb3 26.Ba3 c5 27.Rd6 
Nd4 28.Rxb6 Bxf3 29.Bb2 Nc2 30.Rc1 Bxg2+ 31.Kxg2 Rd2+ 32.Kf3 Rxh2 33.Rd1 
g5 34.g4 Rf8 35.Kg3 Re2 36.Rd7 Ne1 37.gxf5 Rg2+ 38.Kh3 g4+ 0-1